000
00327nam a2200145Ia 4500
100
_a
Oatey/Michael/ Payne/Carl
942
_c
BK
654
_a
Basic
245
_a
Basic : Short self instructional course
260
_b
Galgotia
_a
New Delhi
_c
1986
082
_a
1.6424
_b
OAT
300
_a
92
546
_a
ENGLISH
999
_c
24576
_d
24576